| 000 | 00000nam##2200000za#4500 |
| 001 | 9.577829 |
| 003 | CaOODSP |
| 005 | 20210624185810 |
| 007 | cr ||||||||||| |
| 008 | 150406|1982||||xxc|||||o f|0| 0 eng|d |
| 022 | |a1488-5379 |
| 040 | |aCaOODSP|beng |
| 043 | |an-cn--- |
| 086 | 1 |aFs97-6/1177E-PDF |
| 110 | 1 |aCanada. |bDepartment of Fisheries and Oceans. |
| 245 | 10|aAnalogies to a limited-entry fishery / |h[electronic resource]|cby R.J. Miller. |
| 260 | |aHalifax - Nova Scotia : |bFisheries and Oceans Canada |c1983. |
| 300 | |a12p.|breferences |
| 490 | 1 |aCanadian technical report of fisheries and aquatic sciences|x1488-5379|vNo. 1177 |
| 500 | |aOn t.p.: Fisheries Research Branch, Halifax, Nova Scotia. The catalogue number and ISSN for the print edition appear in the PDF version. |
| 546 | |a(Résumé en français) |
| 590 | |a14-10-Supp|b2014-05-08 |
| 720 | 1 |aMiller, R. J. |
| 830 | #0|aCanadian technical report of fisheries and aquatic sciences,|x1488-5379|vNo. 1177|w(CaOODSP)9.504449 |
| 856 | 40|ahttp://publications.gc.ca|qPDF|s1199 KB|uhttps://publications.gc.ca/collections/collection_2014/mpo-dfo/Fs97-6-1177-eng.pdf|yNo. 1177 |